Natural resources : Neither curse nor destiny

This collection of articles studies the role of natural resources in development and economic diversification. Novel theoretical, econometric and historical analyses suggest that natural resources per se do not necessarily hamper economic growth nor economic diversification.

Na minha lista:
Detalhes bibliográficos
Formato: Livro
Idioma:Undetermined
Publicado em: Washington, DC. The World Bank 2007
Assuntos:
Tags: Adicionar Tag
Sem tags, seja o primeiro a adicionar uma tag!
Thư viện lưu trữ: Trung tâm Học liệu Trường Đại học Cần Thơ
LEADER 00821nam a2200193Ia 4500
001 CTU_117438
008 210402s9999 xx 000 0 und d
082 |a 333.7 
082 |b N285 
245 0 |a Natural resources : 
245 0 |b Neither curse nor destiny 
245 0 |c edited by Daniel Lederman, William F. Maloney 
260 |a Washington, DC. 
260 |b The World Bank 
260 |c 2007 
520 |a This collection of articles studies the role of natural resources in development and economic diversification. Novel theoretical, econometric and historical analyses suggest that natural resources per se do not necessarily hamper economic growth nor economic diversification. 
650 |a Economic development,Natural resources 
904 |i Vuong 
980 |a Trung tâm Học liệu Trường Đại học Cần Thơ